<The> Effect of Leverage and Economic Value Added on Market Value Added
Teoretická koncepcia EVA (ekonomická pridaná hodnota), MVA (trhová pridaná hodnota) a pákového efektu. Operatívna páka, finančná páka a celková páka. Prehľad literatúry o vzťahu medzi pákovým efektom, EVA a MVA. Regresná analýza vzťahu medzi EVA, pákový efektom a MVA vo vybraných slovenských spoločn...
Guardado en:
| Autor principal: | |
|---|---|
| Formato: | Capítulo de libro |
| Lenguaje: | inglés |
| Materias: | |
| Etiquetas: |
Sin Etiquetas, Sea el primero en etiquetar este registro!
|
MARC
| LEADER | 00000naa$a2200000$$$4500 | ||
|---|---|---|---|
| 001 | 0248903 | ||
| 005 | 20240502083708.2 | ||
| 041 | 0 | |a eng | |
| 044 | |a RO | ||
| 245 | 1 | 0 | |a <The> Effect of Leverage and Economic Value Added on Market Value Added |c Kristína Jančovičová Bognárová |
| 520 | |a Teoretická koncepcia EVA (ekonomická pridaná hodnota), MVA (trhová pridaná hodnota) a pákového efektu. Operatívna páka, finančná páka a celková páka. Prehľad literatúry o vzťahu medzi pákovým efektom, EVA a MVA. Regresná analýza vzťahu medzi EVA, pákový efektom a MVA vo vybraných slovenských spoločnostiach v období 2012-2016. | ||
| 610 | 2 | 0 | |a hodnota pridaná |
| 610 | 2 | 0 | |a hodnota pridaná ekonomická |
| 610 | 2 | 0 | |a trh |
| 610 | 2 | 0 | |a podnik |
| 610 | 2 | 0 | |a výkonnosť |
| 610 | 2 | 0 | |a výkonnosť podniku |
| 610 | 2 | 0 | |a meranie výkonnosti |
| 610 | 2 | 0 | |a ukazovatele |
| 610 | 2 | 0 | |a bohatstvo |
| 610 | 2 | 0 | |a Slovensko |
| 100 | 1 | |a Jančovičová Bognárová, Kristína, 1979- | |